Personnage mystère #20 - Statistiques

Statistiques générales
  • Ce quiz a été pris 206 fois
  • Le résultat moyen est 6 sur 7
Statistiques - réponses
Lettres Indices % Correct
NOSTAW Watson
95%
LIVONISOTE Violoniste
85%
DOSNERL Londres
83%
CDITEVETÉ Détective
80%
XUCNETIQERE Excentrique
79%
REMUSERT Meurtres
78%
Nom du personnage Sherlock Holmes
78%
Aucun quiz correspondant
Distribution des résultats
% des personnes avec chaque résultat
Percentile par nombre de réponses
Votre historique - résultats
Vous n’avez pas pris ce quiz